| 000 | 00396cam a2200157ua 4500 | ||
|---|---|---|---|
| 041 |
_aeng _h |
||
| 082 |
_a591 _bSED/ST |
||
| 100 | _aSedwick, Adam . | ||
| 245 |
_aStudents text book of zoology, Vol 2 / _cAdam Sedwick. _hTextual Documents |
||
| 250 |
_a1 / _b. |
||
| 260 |
_aAllahabad : _bCentral Book Depot , _c1966. |
||
| 300 | _a705 ; . | ||
| 504 | _a | ||
| 942 | _cBK | ||
| 999 |
_c9265 _d9265 |
||